00749cam a2200217 a 4500001000400000003001000004005001700014008004100031020001800072040002500090080001400115100005000129245014900179260003800328300002000366504002500386650004100411650003300452650002200485650002400507279BR-CuiBMT20231025221417.0230919s2016 mgb 010 0 por d a9788545001170 aBR-CuiBMTcBR-CuiBMT 22007a3421 aMoreira Neto, Diogo de Figueiredo,d1933-201710aNovas mutações juspolíticas :bem memória de Eduardo García de Enterría, jurista de dois mundos /cDiego de Figueiredo Moreira Neto. aBelo Horizonte :bFórum,c2016. a396 p. ;c22 cm aInclui bibliografia. aDireito públicoxAdministração aSociologiaxDireitos humanos aEconomiaxDireito aPolíticaxDireito